| 000 | 01287cam a2200313 a 4500 | ||
|---|---|---|---|
| 999 |
_c330139 _d330139 |
||
| 001 | 1115089 | ||
| 003 | NUST | ||
| 005 | 20170609112249.0 | ||
| 008 | 930701s1992 ne a be 000 0 eng | ||
| 010 | _a 93173335 | ||
| 020 | _a9054102063 | ||
| 040 |
_aDLC _cDLC _dDLC |
||
| 041 | 1 |
_aeng _hfre |
|
| 050 | 0 | 0 |
_aTN269 _b.C43413 1992 |
| 082 | 0 | 0 |
_a553.28 CHA _220 |
| 100 | 1 |
_aChapel, Paul, _cingénieur I.E.G. _92365 |
|
| 240 | 1 | 0 |
_aGéophysique appliquée. _lEnglish |
| 245 | 1 | 0 |
_aHandbook of exploration geophysics / _cby Paul A. Chapel ; [translated from the French by Chris Stevenson]. |
| 260 |
_aNew Delhi : _bOxford & IBH publishing co, _c1991. |
||
| 300 |
_axv, 411 p. : _bill. ; _c29 cm. |
||
| 500 | _aReviewed, corrected, and completed translation of: Géophysique appliquée. | ||
| 501 | _aH.B | ||
| 504 | _aIncludes bibliographical references (p. 391-411). | ||
| 650 | 0 |
_aProspecting _xGeophysical methods _xEncyclopedias. _92366 |
|
| 856 | 4 | 2 |
_3Publisher description _uhttp://www.loc.gov/catdir/enhancements/fy0908/93173335-d.html |
| 906 |
_a7 _bcbc _corignew _d2 _encip _f19 _gy-gencatlg |
||
| 942 |
_2ddc _cBK _k553.28 CHA |
||